ბათუმის შოთა რუსთაველის სახელმწიფო უნივერსიტეტის ბიბლიოთეკა

სტუდენტური კვლევები და პროექტები = Student research and projects : (ბიბ.ჩანაწერი № 62750)

000 -LEADER
fixed length control field 01476nam a22001577a 4500
005 - DATE AND TIME OF LATEST TRANSACTION
control field 20250206121223.0
008 - FIXED-LENGTH DATA ELEMENTS--GENERAL INFORMATION
fixed length control field 250206r2017 ge ||||| |||| 00| 0 geo d
022 ## - INTERNATIONAL STANDARD SERIAL NUMBER
International Standard Serial Number 25874705
041 ## - LANGUAGE CODE
Language code of text/sound track or separate title geo
245 ## - TITLE STATEMENT
Title სტუდენტური კვლევები და პროექტები = Student research and projects :
Remainder of title სტუდენტური სამეცნიერო-პრაქტიკული ჟურნალი /
Statement of responsibility, etc. ივანე ჯავახიშვილის სახელობის თბილისის სახელმწიფო უნივერსიტეტი; ეკონომიკისა და ბიზნესის ფაკულტეტი ; სტუდენტური კვლევების და პროექტების ცენტრი "იდეა" ; რედაქტორი პროფესორი გიორგი შიხაშვილი.
260 ## - PUBLICATION, DISTRIBUTION, ETC.
Place of publication, distribution, etc. თბილისი :
Name of publisher, distributor, etc. თსუ,
Date of publication, distribution, etc. 2017.
300 ## - PHYSICAL DESCRIPTION
Extent V.
700 ## - ADDED ENTRY--PERSONAL NAME
Personal name შიხაშვილი, გიორგი
Relator term პროფესორი, რედაქტორი
9 (RLIN) 14494
710 ## - ADDED ENTRY--CORPORATE NAME
Corporate name or jurisdiction name as entry element ივანე ჯავახიშვილის სახელობის თბილისის სახელმწიფო უნივერსიტეტი
Relator term ეკონომიკისა და ბიზნესის ფაკულტეტი
9 (RLIN) 24267
942 ## - ADDED ENTRY ELEMENTS (KOHA)
Source of classification or shelving scheme
Koha item type პერიოდიკა
ეგზემპლარები
Withdrawn status Lost status Source of classification or shelving scheme Damaged status Not for loan Permanent Location Current Location Shelving location Date acquired Serial Enumeration / chronology Barcode Date last seen Copy number Uniform Resource Identifier Price effective from Koha item type
          ბათუმის შოთა რუსთაველის სახელმწიფო უნივერსიტეტის მთავარი ბიბლიოთეკა ბათუმის შოთა რუსთაველის სახელმწიფო უნივერსიტეტის მთავარი ბიბლიოთეკა წიგნსაცავი 2025-02-06 volume VI #1 2017 81371 2025-02-06 81371 ნაჩუქარი 2025-02-06 პერიოდიკა